000 00311nam a22001337a 4500
008 181020b xxu||||| |||| 00| 0 eng d
020 _a10184
041 _aeng
080 _a610
100 _a4
101 _aSHM
245 _aCongenital Dysplasia and Dislocation of the Hip
_cColeman, Sh.S
942 _2udc
_cBK
999 _c50316
_d50316